Consideracoes sobre o poder nas organizacoes /
में बचाया:
| मुख्य लेखक: | |
|---|---|
| स्वरूप: | मूलपाठ |
| विषय: | |
| टैग: |
टैग जोड़ें
कोई टैग नहीं, इस रिकॉर्ड को टैग करने वाले पहले व्यक्ति बनें!
|
MARC
| LEADER | 00000 a a2200000 04500 | ||
|---|---|---|---|
| 001 | 16614 | ||
| 003 | |||
| 040 | |||
| 100 | |a Dias Souza Doscher da Fonseca, Simone | ||
| 245 | |a Consideracoes sobre o poder nas organizacoes / |c Simone Dias Souza Doscher da Fonseca | ||
| 500 | |a Resumen también en inglés y español en páginas109-110 | ||
| 650 | |a INFLUENCIA SOCIAL | ||
| 650 | |a ORGANIZACION DE LA EMPRESA | ||
| 650 | |a TRABAJO | ||
| 650 | |a CULTURA | ||
| 650 | |a SISTEMA SOCIAL | ||
| 650 | |a TRABAJADORES | ||
| 650 | |a BRASIL | ||
| 773 | |g volumen 8, número 15; páginas 103-110 | ||
| 999 | |c 35956 |d 35956 | ||
